Hogy lőtték meg Múcsán az öreg sneffet

Poviedka s humorným príbehom.

Podrobná bibliografia
Hlavný autor: (ly.) (Author)
Médium: Článok
Jazyk:Hungarian
Témy:
Zdroj: 1. Gömöri Ujság : Szépirodalmi, társadalmi és közgazdasági hetilap 1. Roč. I, č. 2 (10. 4. 1910), s. 2-3.
LEADER 00896nab#a2200337#ar4500
001 000124636
003 SVKKK
005 20181205142102.0
008 181205c1910 xo |||||||||||||||b|hun
FMT
015 |a SNBRB2013/ 
038 |a SVKKK 
040 |a SVKKK  |b slo  |e AACR2 
041 0 |a hun 
044 |a xo  |c SK 
080 |a 82-132  |x (439.22)  |2 2011 
100 1 |a (ly.)  |4 aut 
242 1 0 |a Ako zastrelili v Kocúrkove starú sľuku  |y slo 
245 1 0 |a Hogy lőtték meg Múcsán az öreg sneffet 
520 2 |a Poviedka s humorným príbehom. 
648 0 4 |a 1910 
650 0 4 |a humorná poviedka  |y 1910 
650 0 4 |a maďarská literatúra 
700 1 |4 aut 
773 0 |t Gömöri Ujság : Szépirodalmi, társadalmi és közgazdasági hetilap  |g Roč. I, č. 2 (10. 4. 1910), s. 2-3. 
958 |a HU 
974 |a ebl 
992 |a RBX 
BAS
852 |a SVKKK  |b BIB 
998 |a RETRO